000 00605nam a2200217Ia 4500
003 OSt
005 20220928145926.0
006 a|||||r|||| 00| 0
007 ta
008 220927b |||||||| |||| 00| 0 eng d
024 _a85631
037 _cTextual
040 _aSDCL
_cSDCL
_beng
041 _2eng
_aeng
082 _aX:75.2'N9, N6
100 _aMathur Kuldeep Ed.
_9514680
245 0 _aDevelopment policy and administration
_b Readings in Indian government and politics-1
260 _c1996
942 _hX:75.2'N9, N6
_cTEXL
_2CC
999 _c837869
_d837869